000 00514nam a2200193Ia 4500
005 20140405091203.0
008 140130s9999 xx 000 0 und d
020 _a9780545103558
050 _aPZ 7
_b.W699 2008
100 _aWillems, Mo
_931104
245 _cMo Willems.
_aKnuffle bunny too :
_ba case of mistaken identity /
260 _bScholastic,
_c2007.
_aUSA :
300 _a34 p. :
_bcol. ill. ;
_c28 cm.
440 _v1
_931105
521 _aG4
526 _c690
942 _cBK
_2lcc
999 _c40985
_d40985